000 00823nam a2200241Ia 4500
003 GCL
008 140319s9999 xx 000 0 ara d
040 _aGCL /
_cGCL
082 0 4 _a962.32
_bم ث
100 1 _aالمجلس القومى للانتاج الشئون ا
245 1 0 _aالثروة السياحية فى قنا والاقصر /
_cالمجلس القومى للانتاج الشئون ا
300 _a125 ص
490 _aالهيئة العامة للاستعلامات
_v0
650 0 4 _aمصر القديمة
650 0 4 _aالتنمية الاقتصادية
650 0 4 _aالسياحة
650 0 4 _aالاثار الاسلامية
650 0 4 _aالاقصر
650 0 4 _aالسياحة والدولة
650 0 4 _aقنا
650 0 4 _aالجغرافيا السياحية
942 _2ddc
_cBK
999 _c50401
_d50401